| 000 -LEADER |
| fixed length control field |
00757nam a22002177a 4500 |
| 005 - DATE AND TIME OF LATEST TRANSACTION |
| control field |
20240201170802.0 |
| 008 - FIXED-LENGTH DATA ELEMENTS--GENERAL INFORMATION |
| fixed length control field |
240201s2019 gw ||||| |||| 00| 0 ger d |
| 020 ## - INTERNATIONAL STANDARD BOOK NUMBER |
| International Standard Book Number |
9783708918341 x |
| 041 ## - LANGUAGE CODE |
| Language code of text/sound track or separate title |
ger |
| 080 ## - UNIVERSAL DECIMAL CLASSIFICATION NUMBER |
| Universal Decimal Classification number |
811.112.1 K-13 |
| 100 ## - MAIN ENTRY--PERSONAL NAME |
| Personal name |
Kadric, Mira [Author] |
| 9 (RLIN) |
21175 |
| 245 ## - TITLE STATEMENT |
| Title |
Translatorische Methodik / |
| Statement of responsibility, etc. |
Mira Kadric , Klaus Kaindl, Karin Reithofer. |
| 250 ## - EDITION STATEMENT |
| Edition statement |
6., vollständig überarbeitete und erweiterte Auflage |
| 264 ## - PRODUCTION, PUBLICATION, DISTRIBUTION, MANUFACTURE, AND COPYRIGHT NOTICE |
| Place of production, publication, distribution, manufacture |
Wien: |
| Name of producer, publisher, distributor, manufacturer |
Facultas, |
| Date of production, publication, distribution, manufacture, or copyright notice |
2019. |
| 300 ## - PHYSICAL DESCRIPTION |
| Extent |
196 p; |
| Other physical details |
24 cm. |
| Dimensions |
ill. |
| 653 ## - INDEX TERM--UNCONTROLLED |
| keyword |
Translatorische Methodik |
| 653 ## - INDEX TERM--UNCONTROLLED |
| keyword |
თარგმანის მეთოდოლოგია |
| 700 ## - ADDED ENTRY--PERSONAL NAME |
| Personal name |
Kaindl, Klaus |
| Relator term |
Author |
| 9 (RLIN) |
13859 |
| 700 ## - ADDED ENTRY--PERSONAL NAME |
| Personal name |
Reithofer, Karin |
| Relator term |
Author |
| 9 (RLIN) |
21176 |
| 942 ## - ADDED ENTRY ELEMENTS (KOHA) |
| Source of classification or shelving scheme |
|
| Koha item type |
წიგნი |